Strangely Similar Movie Titles Quiz Stats

Quiz Updated Sep 10, 2017

Challenge
Share
Tweet
Embed
Score 0/20 Timer 08:00
0 Plays Today
Movie 1 Answer % Correct
Americans stranded in 1970s Iran need rescuingArgo or Fargo
89.9%
The future is bleak in this adaptation of Orwell's classic novel1984 or Class of 1984
76.6%
Demi Moore becomes the first woman to enroll in an elite navy group, encountering stiff opposition from misogynists and assorted hatersG.I. Jane or G.I. Joe
75.2%
James Cromwell introduces a young George Ruth to baseball, where he becomes a slugger The Babe or Babe
75.1%
Biopic starring Ben Gazzara as the infamous Chicago gangster Capone or Capote
75%
A northeastern city provides the scene for a legal drama about AIDS with Tom Hanks and Denzel Washington Philadelphia or The Philadelphia Story
73.2%
In a grim future, Harrison Ford risks his life navigating a high-tech city while hunting dangerous cyborgsBlade Runner or The Maze Runner
70.4%
'The temperature at which books burn' - source novel author Ray BradburyFahrenheit 451 or Fahrenheit 9/11
67.2%
Some men just don't matter much to the powers that be, like Sylvester Stallone, Jason Statham, Jet Li, and other badassesThe Expendables or They Were Expendable
60.5%
Emilio Estevez becomes a repossession agent (of cars) but things get complicatedRepo Man or Repo Men
55.4%
Movie 1 Answer % Correct
Woody Allen makes a tribute to the city he lovesManhattan or New York, New York
54.7%
Eddie Murphy is summoned to a spooky house in this Disney ride adaptationThe Haunted Mansion or The Haunted Palace
47.8%
John Wayne must take a stand against Apache Indians in a movie named for a riverRio Grande or Rio Bravo
44.5%
Mel Gibson must battle the forces of political corruption to avenge his daughter's murderEdge of Darkness or Edge of Tomorrow
41%
James Cagney's young hoodlum rises through the heights of the Chicago underworldThe Public Enemy or Public Enemies
31.7%
A film director attempts to survive a creative crisis and spirtual ennui8 1/2 or 9
28.7%
Henry Fonda, as convict Eddie Taylor, must avoid his execution and go on the lam in CaliforniaYou Only Live Once or You Only Live Twice
27.1%
Spike Lee-directed heist film about the robbery of a New York bankInside Man or Inside Job
24.3%
Armored car driver Christian Slater must navigate a flooded Indiana town Hard Rain or Black Rain
23.9%
Marc Forster-directed biopic of a biker-turned-minister played by a grizzled Gerard ButlerMachine Gun Preacher or Machine-Gun Kelly
11.2%

You're not logged in!

Compare scores with friends on all Sporcle quizzes.
Sign Up with Email
OR
Log In

You Might Also Like...

Show Comments

Extras

Top Quizzes Today


Score Distribution

Your Account Isn't Verified!

In order to create a playlist on Sporcle, you need to verify the email address you used during registration. Go to your Sporcle Settings to finish the process.